Historia de los trabajos de Persiles y Sigismunda (Record no. 10926)

MARC details
000 -CABECERA
campo de control de longitud fija 01204nam a22002657a 4500
001 - NÚMERO DE CONTROL
campo de control BRCA_9305
003 - IDENTIFICADOR DEL NÚMERO DE CONTROL
campo de control FranzMayer
005 - FECHA Y HORA DE LA ÚLTIMA TRANSACCIÓN
campo de control 20230809144248.0
008 - DATOS DE LONGITUD FIJA--INFORMACIÓN GENERAL
campo de control de longitud fija 230809b |||||||| |||| 00| 0 eng d
040 ## - FUENTE DE LA CATALOGACIÓN
Centro catalogador/agencia de origen MFM
Lengua de catalogación español
Centro/agencia transcriptor MFM
050 #0 - SIGNATURA TOPOGRÁFICA DE LA BIBLIOTECA DEL CONGRESO
Número de clasificación PQ6327.P4
Número de documento/Ítem .C47 1760 (LM27)
100 1# - ENTRADA PRINCIPAL--NOMBRE DE PERSONA
Código de función/relación Autor
Nombre de persona Cervantes Saavedra, Miguel de
9 (RLIN) 29000
240 ## - TÍTULO UNIFORME
Título uniforme Historia de los trabajos de Persiles y Sigismunda
Medio Nuevamente corregida, y enmendada en esta ultima impression
Lenguaje de la obra español
245 #0 - MENCIÓN DE TÍTULO
Título Historia de los trabajos de Persiles y Sigismunda
Resto del título Nuevamente corregida, y enmendada en esta ultima impression
260 ## - PUBLICACIÓN, DISTRIBUCIÓN, ETC.
Lugar de publicación, distribución, etc. Madrid
Nombre del editor, distribuidor, etc. Juan Nadal Impressor
Fecha de publicación, distribución, etc. 1760
300 ## - DESCRIPCIÓN FÍSICA
Extensión 20 cm
Dimensiones 328 p.
500 ## - NOTA GENERAL
Nota general Fondo antiguo
500 ## - NOTA GENERAL
Nota general Ejemplar se encuentra en fondo antiguo
500 ## - NOTA GENERAL
Nota general LM27
501 ## - NOTA DE "CON"
Nota de “Con” Fondo reservado: para su consulta es necesario credencial de usuario y carta de motivos.
505 ## - NOTA DE CONTENIDO CON FORMATO
Nota de contenido con formato Texto en: españolDirigido a: filólogos, historiadores, literatos, bibliofilos.
650 1# - PUNTO DE ACCESO ADICIONAL DE MATERIA--TÉRMINO DE MATERIA
Fuente del encabezamiento o término Literatura española
Término de materia o nombre geográfico como elemento de entrada Autores individuales
Subdivisión de forma Autores individuales del siglo XVII
9 (RLIN) 29001
651 2# - PUNTO DE ACCESO ADICIONAL DE MATERIA--NOMBRE GEOGRÁFICO
Fuente del encabezamiento o término Cervantes de Saavedra, Miguel de (1547-1616)
Nombre geográfico Ediciones
Subdivisión de forma Persiles y Sigismunda
9 (RLIN) 29002
942 ## - ELEMENTOS DE PUNTO DE ACCESO ADICIONAL (KOHA)
Fuente del sistema de clasificación o colocación Library of Congress Classification
Tipo de ítem Koha Libros
Holdings
Estado de retiro Estado de pérdida Fuente del sistema de clasificación o colocación Estado dañado No para préstamo Código de colección Localización permanente Ubicación/localización actual Fecha de adquisición Fuente de adquisición Total de préstamos Signatura topográfica completa Código de barras Fecha visto por última vez Precio válido a partir de Tipo de ítem Koha
El ejemplar forma parte de la colección y puede ser consultado según las políticas vigentes.   Library of Congress Classification     Libros Antiguos y Raros Biblioteca del Museo Franz Mayer (Rogerio Casas-Alatriste) Biblioteca del Museo Franz Mayer (Rogerio Casas-Alatriste) 09/08/2023 Donación   PQ6327.P4 .C47 1760 (LM27) LAR00191 09/08/2023 09/08/2023 Libros